| 000 | 00669nam a22001937a 4500 | ||
|---|---|---|---|
| 999 |
_c165739 _d165739 |
||
| 005 | 20221221165637.0 | ||
| 010 | _aUR-10267 | ||
| 020 |
_a9789388356039 _c160.00 |
||
| 035 | _aU-8822 | ||
| 037 | _bDBAD/PUB | ||
| 082 | _aک | ||
| 100 | _aپشپیندر کمار نم | ||
| 245 |
_aپر يم چند کے 13 ا فسا نے / _cپشپيندر کمار نم _hا ر د و |
||
| 246 |
_bPremchand ke13 Afsane / _aby Pushpendra Kumar Nim |
||
| 260 |
_a Delhi _bEducational Publishing House _c2018 ء |
||
| 270 |
_a3191, Vakil Street, Kucha Pandit, Lal Kuan, _bDelhi _e110006 _k23216162 _l00911123211540 |
||
| 300 |
_a128 ص _c22cm(Hb) |
||
| 942 |
_2ddc _cUR _hک _mپ ش پ |
||